000 00734nam a2200205Ia 4500
005 20260429112041.0
008 260429s9999||||xx |||||||||||||| ||und||
020 _a9789381492796
041 _aHindi
082 _a150
_bMAK
100 _aमकवाणा, सुरेश
245 0 _aप्राचीन और आधुनिक भारतीय मनोविज्ञान /
_cसुरेश मकवाणा
250 _a1st ed.
260 _aदिल्ली :
_bएकैडमिक पब्लिकेशन,
_c2025.
300 _a267 p.; Hb
650 _aGeneral Psychology
700 _a खलीफा, समीरा ए
700 _a मकवाणा, हमनी एस
942 _cTB
999 _c52092
_d52092